| 000 | 00464nam a22001337a 4500 | ||
|---|---|---|---|
| 005 | 20250807100701.0 | ||
| 008 | 250807b |||||||| |||| 00| 0 eng d | ||
| 050 | _aTHE:RC 119.7.M64 2020 | ||
| 100 | _aMOGOI ELIJUAH MATIABE | ||
| 245 | _aEFFECT OF INTERSTINAL HELMINTHS ON DISEASE SEVERITY AND CYTOKINE RESPONJSE IN CHILDREN AGED 6-14 YEARS INFECTED WITH MALria in kisii county | ||
| 260 |
_akenya _bKISII UNIVERSITY _c2020 |
||
| 300 | _aX,104 | ||
| 942 |
_2lcc _cREF |
||
| 999 |
_c215993 _d215993 |
||